<?xml version="1.0" encoding="UTF-8"?><?xml-stylesheet type="text/xsl" href="static/style.xsl"?><OAI-PMH xmlns="http://www.openarchives.org/OAI/2.0/" xmlns:xsi="http://www.w3.org/2001/XMLSchema-instance" xsi:schemaLocation="http://www.openarchives.org/OAI/2.0/ http://www.openarchives.org/OAI/2.0/OAI-PMH.xsd"><responseDate>2026-06-02T12:46:07Z</responseDate><request verb="GetRecord" identifier="oai:riuma.uma.es:10630/17719" metadataPrefix="marc">https://riuma.uma.es/rest/oai/request</request><GetRecord><record><header><identifier>oai:riuma.uma.es:10630/17719</identifier><datestamp>2026-02-03T10:28:03Z</datestamp><setSpec>com_10630_1685</setSpec><setSpec>col_10630_38056</setSpec></header><metadata><record xmlns="http://www.loc.gov/MARC21/slim" xmlns:dcterms="http://purl.org/dc/terms/" xmlns:doc="http://www.lyncode.com/xoai" xmlns:xsi="http://www.w3.org/2001/XMLSchema-instance" xsi:schemaLocation="http://www.loc.gov/MARC21/slim http://www.loc.gov/standards/marcxml/schema/MARC21slim.xsd">
   <leader>00925njm 22002777a 4500</leader>
   <datafield ind2=" " ind1=" " tag="042">
      <subfield code="a">dc</subfield>
   </datafield>
   <datafield ind2=" " ind1=" " tag="720">
      <subfield code="a">Martín Romero, Alejandro</subfield>
      <subfield code="e">author</subfield>
   </datafield>
   <datafield ind2=" " ind1=" " tag="260">
      <subfield code="c">2019-05-27</subfield>
   </datafield>
   <datafield ind2=" " ind1=" " tag="520">
      <subfield code="a">La presente investigación pictórica bajo el título de pintura&#xd;
encendida1 parte de una reflexión sobre los diferentes&#xd;
comportamientos que se dan en internet, concretamente los que&#xd;
conciernen a la posibilidad de exhibición que ofrece el medio&#xd;
digital en torno a la relación entre individuo y pantalla. Como&#xd;
punto de partida me baso en la recopilación de imágenes extraídas&#xd;
de capturas de pantalla que abren nuevos territorios de lo íntimo&#xd;
y alternativas inexploradas de interacción a distancia antes&#xd;
inimaginables; pues la intimación en vivo con otras personas,&#xd;
sugiero, está siendo sustituida por la frialdad de los media a&#xd;
través de cámaras de video conectadas en Red.&#xd;
Planteo la cuestión de hasta qué punto en la sociedad de la&#xd;
hiperinformación, y en el contexto concreto de la sexualidad, la&#xd;
tecnología nos acerca a la persona que habita al otro lado de la&#xd;
pantalla o nos separa de ella produciendo un ensimismamiento de&#xd;
soledad en el que el Eros es debilitado, huyendo del otro, incapaz&#xd;
de comunicarse con él: por la distancia del medio y por la&#xd;
resultante cosificación del cuerpo expuesto. Con tales supuestos&#xd;
el escritor Byung-Chul Han conjetura que desaparece la experiencia&#xd;
erótica en la persona.</subfield>
   </datafield>
   <datafield ind1="8" ind2=" " tag="024">
      <subfield code="a">https://hdl.handle.net/10630/17719</subfield>
   </datafield>
   <datafield tag="653" ind2=" " ind1=" ">
      <subfield code="a" />
   </datafield>
   <datafield tag="653" ind2=" " ind1=" ">
      <subfield code="a">Bellas Artes - Trabajos Fin de Master</subfield>
   </datafield>
   <datafield ind2="0" ind1="0" tag="245">
      <subfield code="a">Pintura encendida</subfield>
   </datafield>
</record>
</metadata></record></GetRecord></OAI-PMH>